| 000 | 00720nam a22002297a 4500 | ||
|---|---|---|---|
| 003 | OSt | ||
| 005 | 20140310184341.0 | ||
| 008 | 131007t xxu||||| |||| 00| 0 eng d | ||
| 020 | _a9780439309318 | ||
| 050 |
_aPZ 7 _b.P924 2002 |
||
| 100 |
_aPreller, James. _96900 |
||
| 245 |
_aThe case of the buried treasure / _cJames Preller; illustrated by Jamie Smith; cover illustration by R.W. Alley |
||
| 260 |
_aNew York, NY : _bScholastic Inc., _c2002. |
||
| 300 |
_a106 p. : _bill. ; _c20 cm. |
||
| 440 |
_aA jigsaw jones mystery _922975 |
||
| 490 |
_aA jigsaw jones mystery _vSuper Special #1 |
||
| 521 | _aG2 | ||
| 526 | _c390 | ||
| 650 |
_aTreasure _xJuvenile _924555 |
||
| 942 |
_2lcc _cBK-SCHOLAS |
||
| 999 |
_c33825 _d33825 |
||